Países com Mais Ovelhas que Pessoas - Statistics

Estatísticas Gerais
  • Esse quiz foi jogado 2 914 vezes
  • A pontuação média é 4 de 10
Estatísticas das Respostas
Ovelhas per Capita Total de Ovelhas Continente País % Correto
2.49 63.5 mi Oceania Austrália
88%
5.40 26.0 mi Oceania Nova Zelândia
86%
1.82 6.34 mi América do Sul Uruguai
76%
9.17 30.1 mi Ásia Mongólia
47%
1.17 0.40 mi Europa Islândia
24%
1.08 7.45 mi África Líbia
19%
2.36 38.7 mi África Chade
18%
1.34 15.0 mi África Sudão do Sul
14%
2.39 11.1 mi África Mauritânia
11%
2.32 14.0 mi Ásia Turcomenistão
11%
Nenhum quiz correspondente encontrado
Distribuição das Pontuações
Porcentagem de Pessoas com Cada Pontuação
Percentil de Números Respondidos
Sua Pontuação Histórica
Você não jogou esse quiz